| 000 | 00800nam a2200229 i 4500 | ||
|---|---|---|---|
| 001 | 165630 | ||
| 003 | ES-MaACL | ||
| 005 | 20250707020339.0 | ||
| 008 | 050906q1860 fr | |||||||| ||fre d | ||
| 040 |
_aCAM _bspa _cCAM |
||
| 100 | 1 |
_aSoulié, Frédéric, _d1800-1847 _eaut _9107564 |
|
| 245 | 1 | 0 |
_aHuit jours au chateau / _cpar Frédéric Soulié |
| 260 |
_a[S.l. : _bs.n., _cca. 1860] _e(Lagny : _fImp. de Vialay) |
||
| 300 |
_a80 páginas : _bilustraciones ; _c30 cm. |
||
| 594 | _aEl tit. y autor tomados de pag.1 | ||
| 596 | _aEl pie de imp. consta en colofón | ||
| 597 | _aTexto a dos col. | ||
| 599 | _aLa il. en pag.1 | ||
| 852 |
_aES-MaACL _cDEPO _hLegado Goyeneche _jR-1711(12) _xEnc. en un vol. facticio _xHolandesa |
||
| 942 |
_2udc _cMONANT _n0 |
||
| 999 |
_c165630 _d165630 |
||